| 000 | 00528nam a2200217Ia 4500 | ||
|---|---|---|---|
| 003 | 0100 | ||
| 008 | 130227s9999 xx 000 0 und d | ||
| 040 | _cARRUPELIB | ||
| 050 | _aREFQ174.7P974 | ||
| 100 | _aPsillos, Stathis | ||
| 245 | _aPhilosophy of science A-Z | ||
| 260 | _aEdinburgh | ||
| 260 | _bEdinburgh University Press | ||
| 260 | _C2007 | ||
| 300 | _axi | ||
| 300 | _b 280p. 20cm. | ||
| 650 | _bLegends--Great Britain | ||
| 650 | _cTales--Great Britain | ||
| 650 | _dMythology--British | ||
| 942 |
_2lcc _04 |
||
| 999 |
_c1515 _d1515 |
||